书目信息 |
| 题名: |
大白的大学
|
|
| 作者: | 常义斌 著 | |
| 分册: | ||
| 出版信息: | 河南文艺出版社 2014.05 |
|
| 页数: | 427页 | |
| 开本: | 24cm | |
| 丛书名: | ||
| 单 册: | ||
| 中图分类: | K825.46=76 | |
| 科图分类: | ||
| 主题词: | 人物--传记--中国 | |
| 电子资源: | ||
| ISBN: | 7-5559-0069-6 | |
| 000 | 00593nam0 2200205 450 | |
| 001 | 1556473413 | |
| 005 | 20241125112823.55 | |
| 010 | @a7-5559-0069-6@dCNY36.00 | |
| 100 | @a20151222d2014 km y0chiy0120 ea | |
| 101 | 0 | @achi |
| 200 | 1 | @a大白的大学@Ada bai de da xue@f常义斌著@Fchang yi bin zhu |
| 205 | @a郑州 | |
| 210 | @c河南文艺出版社@d2014.05 | |
| 215 | @a427页@d24cm | |
| 503 | @n河南城建学院图书馆 | |
| 606 | 0 | @a人物@x传记@x中国 |
| 690 | @aK825.46=76@v4 | |
| 701 | 0 | @a常义斌@Achang yi bin@4著 |
| 801 | 0 | @aCN@b大连网信软件有限公司图书馆·11@c20241125 |
| 905 | @aZUCC@dK825.46=76@eC300 | |
| 大白的大学/常义斌著.-郑州.-河南文艺出版社,2014.05 |
| 427页;24cm |
| ISBN 7-5559-0069-6:CNY36.00 |
| ● |
| 相关链接 |
|
|
|
正题名:大白的大学
索取号:K825.46=76/C300
 
预约/预借
| 序号 | 登录号 | 条形码 | 馆藏地/架位号 | 状态 | 备注 |
| 1 | 1235349 | 212353497 | 生命科学与工程学院资料室/ [索取号:K825.46=76/C300] | 在馆 | |
| 2 | 1241557 | 212415572 | 招生就业处资料室/ [索取号:K825.46=76/C300] | 在馆 | |
| 3 | 1554209 | 215542090 | 社科库309/309社科库 50排6列3层/ [索取号:K825.46=76/C300] | 在馆 |